000 01472cam a2200361 a 4500
001 13865176
003 OSt
005 20250228073949.0
008 050209r20051972flu 000 1 eng
010 _a 2005040354
020 _a0156031604
020 _a9780156031608
040 _aDLC
_cDLC
_dDLC
041 1 _aeng
_hheb
042 _apcc
050 0 0 _aPJ5054.O9
_bM513 2005
082 0 0 _a892.4/36
_222
100 1 _aOz, Amos,
_d1939-2018.
240 1 0 _aMikhaʾel sheli.
_lEnglish
245 1 0 _aMy Michael /
_cAmos Oz ; translated from the Hebrew by Nicholas de Lange in collaboration with the author.
250 _a1st Harvest ed.
260 _aOrlando, FL :
_bHarcourt,
_c2005.
300 _a253 p. ;
_c21 cm.
490 0 _aA Harvest book
500 _aOriginally published: London : Chatto & Windus, 1972.
700 1 _aDe Lange, N. R. M.
_q(Nicholas Robert Michael),
_d1944-
856 4 2 _3Contributor biographical information
_uhttp://www.loc.gov/catdir/enhancements/fy0623/2005040354-b.html
856 4 2 _3Publisher description
_uhttp://www.loc.gov/catdir/enhancements/fy0623/2005040354-d.html
856 4 1 _3Sample text
_uhttp://www.loc.gov/catdir/enhancements/fy0642/2005040354-s.html
906 _a7
_bcbc
_corignew
_d1
_eocip
_f20
_gy-gencatlg
942 _cBK
999 _c30559
_d30557